Občan, plať! a nepýtaj sa za čo

Bibliographic Details
Main Author: Duduc, Vladimír (Author)
Format: Article
Language:Slovak
Subjects:

MARC

LEADER 00000nab a2200000 a 4500
001 vtls000753078
003 SK-MaSNL
005 20260302192319.0
008 180206c2001 xo 0 slo
015 |a SNBRB2001/03-06919 
035 |a CLN000104865 
040 |a SNKBUCL  |b slo  |c SNKBUCL  |e AACR2 
041 0 |a slo 
044 |a xo  |c SK 
080 |a 654.17:621.397.7:061.5(437.6):338.5  |2 UDC-MRF-SK2 
080 |a 621.397.7(437.6)  |2 UDC-MRF-SK2 
100 1 |a Duduc, Vladimír  |4 aut  |9 689581 
245 1 0 |a Občan, plať!  |b a nepýtaj sa za čo  |c Vladimír Duduc 
300 |b Fotogr. 
610 7 |a UPC Slovensko  |x služby  |2 snkbucl  |9 841115 
650 0 7 |a televízia káblová  |x služby  |x ceny  |2 snkbucl  |9 848533 
655 7 |a články z novín a časopisov  |2 snkbucl  |9 267496 
773 0 |x 1335-4620  |t Profit  |g Roč. 9, č. 3 (2001), s. 16-17 
850 |a Slovenská národná knižnica v Martine 
852 |a SNK  |b KIS3GCP 
958 |a RBX 
999 |c 1440310  |d 1442240